[Event "11th Asrian Memorial 2018"]
[Site "Yerevan ARM"]
[Date "2018.06.21"]
[Round "1.1"]
[White "Sasikiran, Krishnan"]
[Black "Mkrtchyan, Sargis R."]
[Result "1-0"]
[WhiteTitle "GM"]
[WhiteElo "2666"]
[BlackElo "2251"]
[WhiteFideId "5004985"]
[BlackFideId "13307878"]
[EventDate "2018.06.21"]

1. e4 e5 2. Nf3 Nc6 3. Bb5 a6 4. Ba4 g6 5. c3 Bg7 6. d4 exd4 7. cxd4 b5 8. Bb3
Nge7 9. O-O O-O 10. Nc3 d6 11. h3 Na5 12. Bc2 c5 13. Bg5 h6 14. Bh4 g5 15. Bg3
Nc4 16. Bb3 cxd4 17. Nxd4 Nxb2 18. Qd2 Nc4 19. Bxc4 bxc4 20. f4 gxf4 21. Bxf4 d5
22. Bxh6 dxe4 23. Bxg7 Kxg7 24. Nxe4 Be6 25. Qc3 Qb6 26. Rab1 1-0

[Event "11th Asrian Memorial 2018"]
[Site "Yerevan ARM"]
[Date "2018.06.21"]
[Round "1.2"]
[White "Der Manuelian, Haik"]
[Black "Melkumyan, Hrant"]
[Result "0-1"]
[BlackTitle "GM"]
[WhiteElo "2242"]
[BlackElo "2662"]
[WhiteFideId "2084015"]
[BlackFideId "13302485"]
[EventDate "2018.06.21"]

1. e4 Nf6 2. e5 Nd5 3. d4 d6 4. Nf3 Nc6 5. exd6 exd6 6. c3 Be7 7. Bd3 Bg4 8. O-O
O-O 9. Na3 Qd7 10. Nc2 Rae8 11. Re1 Kh8 12. Be4 Nf6 13. Bd3 d5 14. Ne3 Bh5 15.
Nf5 Bd6 16. Nxd6 Qxd6 17. Be3 Ne4 18. Qc1 Bxf3 19. gxf3 Nf6 20. Qd2 Nh5 21. Bg5
Nd8 22. Bxd8 Qxd8 23. Kh1 Re6 24. Re5 g6 25. Rae1 Qf6 26. Bf1 Qxf3+ 27. Bg2 Qf4
28. Qe3 Qxe3 29. R1xe3 c6 30. Bh3 Rxe5 31. Rxe5 Nf4 32. Bf1 Kg7 33. Re7 Rb8 34.
a4 Kf8 35. Re3 a5 36. b4 axb4 37. cxb4 Ne6 38. Rd3 Ke7 39. Bh3 f5 40. a5 Kd6 41.
Bf1 b6 42. Rd1 Ra8 43. axb6 Rb8 44. b5 cxb5 45. Bxb5 Rxb6 46. Be8 Rb8 0-1

[Event "11th Asrian Memorial 2018"]
[Site "Yerevan ARM"]
[Date "2018.06.21"]
[Round "1.3"]
[White "Sethuraman, S.P."]
[Black "Muradyan, Robert"]
[Result "1-0"]
[WhiteTitle "GM"]
[WhiteElo "2657"]
[BlackElo "2225"]
[WhiteFideId "5021596"]
[BlackFideId "13309374"]
[EventDate "2018.06.21"]

1. Nf3 d5 2. d4 Nf6 3. c4 e6 4. g3 Be7 5. Bg2 O-O 6. O-O c6 7. Qc2 Nbd7 8. Nbd2
b6 9. e4 dxe4 10. Nxe4 Nxe4 11. Qxe4 Bb7 12. Rd1 Nf6 13. Qe2 Qc7 14. Bf4 Bd6 15.
Ne5 Nd7 16. c5 Bxe5 17. dxe5 Nxc5 18. Rd6 a5 19. Rad1 Rad8 20. Be3 Ba6 21. Qc2
Nd3 22. R1xd3 Bxd3 23. Qxd3 f6 24. Be4 1-0

[Event "11th Asrian Memorial 2018"]
[Site "Yerevan ARM"]
[Date "2018.06.21"]
[Round "1.4"]
[White "Barseghyan, Armen Ar."]
[Black "Hovhannisyan, Robert"]
[Result "1-0"]
[BlackTitle "GM"]
[WhiteElo "2219"]
[BlackElo "2625"]
[WhiteFideId "13306707"]
[BlackFideId "13302507"]
[EventDate "2018.06.21"]

1. d4 Nf6 2. Nf3 d5 3. c4 e6 4. Nc3 a6 5. cxd5 exd5 6. Bg5 Be6 7. e3 Nbd7 8. Bd3
Bd6 9. O-O c6 10. Qc2 Qc7 11. e4 dxe4 12. Nxe4 Nxe4 13. Bxe4 h6 14. Bh4 O-O 15.
Rfe1 Rfe8 16. Bg3 Nf6 17. Bd3 Bxg3 18. hxg3 Rad8 19. Re5 Nd7 20. Re2 Bd5 21.
Rae1 Rxe2 22. Rxe2 Bxf3 23. gxf3 Nf6 24. Qc4 Qd7 25. Rd2 h5 26. Kg2 h4 27. Bc2
Nd5 28. Re2 g6 29. Be4 Ne7 30. Qc5 Kg7 31. Bc2 Nd5 32. Bb3 Qf5 33. Bxd5 cxd5 34.
gxh4 Qf4 35. Qe7 Rd6 36. Qe5+ Rf6 37. Qxd5 Rf5 38. Qe4 Qd6 39. Rd2 Rd5 40. a3 a5
41. Rd3 a4 42. f4 Qd7 43. Kg3 Qd8 44. Rd1 Rh5 45. d5 Qxh4+ 46. Kf3 Rf5 47. Ke3
Qh3+ 48. Qf3 Qh4 49. d6 Rb5 50. Qe4 Qh3+ 51. f3 Qd7 52. Qd4+ f6 53. Kd2 Rh5 54.
Kc1 Rh8 55. Kb1 Rd8 56. Ka1 Qe6 57. f5 Qxf5 58. Re1 g5 59. Re7+ Kg6 60. d7 b5
61. Qd1 Qc5 62. Re8 Qc7 63. Rxd8 Qxd8 64. Qd5 Kg7 65. Qxb5 Kf7 66. Qxa4 f5 67.
Qb5 Ke6 68. Qc6+ Ke7 69. Qc5+ Ke6 70. Qc6+ Ke7 71. Qg6 Kxd7 72. Qxf5+ Kc6 73.
Qc2+ Kb7 74. Ka2 Ka7 75. Qc4 Qf6 76. Qd5 Qg7 77. a4 Qg6 78. Qa5+ Kb7 79. Qb5+
Ka8 80. Qd5+ Kb8 81. a5 g4 82. Qb5+ Ka8 83. Qd5+ Kb8 84. Qd8+ Kb7 85. Qd7+ Ka6
86. fxg4 Qg8+ 87. Kb1 Kxa5 88. Qf5+ Kb4 89. g5 Qd8 90. Qe4+ Kb5 91. g6 Qg5 92.
Qb7+ Ka5 93. g7 Qf5+ 94. Ka2 Qg4 95. Qa8+ Kb6 96. g8=Q Qc4+ 97. Kb1 Qf1+ 98. Kc2
Qe2+ 99. Kc3 Qe3+ 100. Kb4 Qc5+ 101. Kb3 Qb5+ 102. Kc3 Qe5+ 103. Kd3 Qb5+ 104.
Qc4 Qf5+ 105. Qae4 1-0

[Event "11th Asrian Memorial 2018"]
[Site "Yerevan ARM"]
[Date "2018.06.21"]
[Round "1.5"]
[White "Pashikian, Arman"]
[Black "Ghukasyan, Siranush"]
[Result "1-0"]
[WhiteTitle "GM"]
[BlackTitle "WIM"]
[WhiteElo "2608"]
[BlackElo "2218"]
[WhiteFideId "13301578"]
[BlackFideId "13300946"]
[EventDate "2018.06.21"]

1. d4 d5 2. Bf4 Nf6 3. e3 Bf5 4. c4 e6 5. Qb3 Qc8 6. Nc3 c6 7. h3 Be7 8. Nf3 Ne4
9. Be2 O-O 10. O-O Nd7 11. Rfc1 Nxc3 12. bxc3 h6 13. cxd5 exd5 14. c4 dxc4 15.
Bxc4 Nb6 16. Bd3 Bxd3 17. Qxd3 Qe6 18. Qb1 Bd6 19. Bxd6 Qxd6 20. a4 Rab8 21. a5
Nd5 22. Ne5 Rfe8 23. a6 bxa6 24. Qf5 f6 25. Nxc6 Rb6 26. Na5 Rb5 27. Qg6 Qd7 28.
Nc4 Re6 29. Qg4 h5 30. Qf3 Rc6 31. Nd2 a5 32. Ne4 Nb4 33. Nc5 Qe8 34. Qe2 a6 35.
Ra3 Qf7 36. Rca1 Qc7 37. Qxh5 Rcb6 38. Rxa5 Rxa5 39. Rxa5 Rb8 40. Ra1 1-0

[Event "11th Asrian Memorial 2018"]
[Site "Yerevan ARM"]
[Date "2018.06.21"]
[Round "1.6"]
[White "Yeritsyan, Hayk"]
[Black "Jumabayev, Rinat"]
[Result "0-1"]
[BlackTitle "GM"]
[WhiteElo "2196"]
[BlackElo "2594"]
[WhiteFideId "13307320"]
[BlackFideId "13702661"]
[EventDate "2018.06.21"]

1. d4 Nf6 2. c4 e6 3. g3 c5 4. d5 exd5 5. cxd5 d6 6. Bg2 g6 7. Nc3 Bg7 8. Nf3
O-O 9. O-O Re8 10. Nd2 a6 11. a4 Nbd7 12. h3 Rb8 13. Nc4 Nb6 14. Ne3 Bd7 15. a5
Nc8 16. Nc4 Bb5 17. Qb3 Bxc4 18. Qxc4 Nd7 19. e4 Ne5 20. Qe2 c4 21. Bd2 b5 22.
axb6 Qxb6 23. Ra4 Qc7 24. Rb1 Rb3 25. Rxa6 Qb7 26. Ra4 Nb6 27. Ra3 Nbd7 28. Rxb3
Qxb3 29. Qd1 Rb8 30. Qxb3 Rxb3 31. Nd1 Nd3 32. Bf1 N7c5 33. Bxd3 Rxd3 34. Bc3
Nxe4 35. Bxg7 Kxg7 36. Ne3 Nxg3 37. Nxc4 Ne2+ 38. Kf1 Nf4 39. b4 Rxh3 40. Kg1
Rc3 41. Ne3 Nd3 42. Kf1 f5 43. Ke2 Ne5 44. f4 Nd7 45. Kd2 Rc7 46. Ra1 h5 47. Ra6
h4 48. Ra1 Nf6 49. Kd3 Ne4 50. Kd4 h3 51. b5 Rc5 52. Ra7+ Kf6 53. b6 Nc3 54. Kd3
Ne4 55. Rh7 Rb5 56. Kc4 Rxb6 57. Rxh3 Rb2 58. Rh8 Rf2 59. Rh4 Rf3 60. Kd3 Ng3
61. Rh7 Nf1 62. Rd7 Rxe3+ 63. Kc2 Ng3 64. Rxd6+ Kf7 65. Rd7+ Re7 66. Rd8 Ne2 67.
d6 Re8 68. Rd7+ Ke6 0-1

[Event "11th Asrian Memorial 2018"]
[Site "Yerevan ARM"]
[Date "2018.06.21"]
[Round "1.7"]
[White "Andriasian, Zaven"]
[Black "Gaboyan, Susanna"]
[Result "1-0"]
[WhiteTitle "GM"]
[BlackTitle "WIM"]
[WhiteElo "2586"]
[BlackElo "2154"]
[WhiteFideId "13302000"]
[BlackFideId "13303627"]
[EventDate "2018.06.21"]

1. e4 c5 2. Nc3 Nc6 3. Bb5 g6 4. Bxc6 dxc6 5. d3 Nf6 6. f4 Bg7 7. Nf3 Bg4 8. Be3
Nd7 9. h3 Bxf3 10. Qxf3 O-O 11. O-O Qc7 12. g4 b6 13. h4 f5 14. gxf5 gxf5 15. e5
Kh8 16. Kf2 Rg8 17. Ne2 e6 18. Rg1 Qd8 19. Rg5 Rc8 20. Rag1 Qe7 21. Kf1 Bh6 22.
Rxg8+ Rxg8 23. Rxg8+ Kxg8 24. Bf2 Nb8 25. c4 Qg7 26. a3 Qe7 27. Ke1 Qe8 28. h5
Na6 29. Bh4 Kf7 30. Bg5 Bxg5 31. fxg5 Nb8 32. Qg2 Kg7 33. h6+ Kf7 34. Nf4 Qg8
35. Kf2 a5 36. a4 Ke7 37. g6 Nd7 38. gxh7 Qxh7 39. Qg6 Nf8 40. Qg7+ Ke8 41. Nxe6 1-0

[Event "11th Asrian Memorial 2018"]
[Site "Yerevan ARM"]
[Date "2018.06.21"]
[Round "1.8"]
[White "Movsisyan, Vardan"]
[Black "Bernadskiy, Vitaliy"]
[Result "0-1"]
[BlackTitle "GM"]
[WhiteElo "2146"]
[BlackElo "2586"]
[WhiteFideId "13301799"]
[BlackFideId "14100371"]
[EventDate "2018.06.21"]

1. Nf3 d5 2. b3 Bg4 3. Bb2 Nd7 4. h3 Bxf3 5. exf3 e5 6. Qe2 Bd6 7. f4 f6 8. d4
Qe7 9. dxe5 fxe5 10. Nc3 Ngf6 11. Nb5 e4 12. Nxd6+ Qxd6 13. g3 O-O 14. O-O-O a5
15. a4 c6 16. Qe3 c5 17. f3 d4 18. fxe4 Qe7 19. Qf3 Qxe4 20. Bg2 Rae8 21. g4
Qxf3 22. Bxf3 Ne4 23. f5 Nf2 24. Bxb7 Nxh1 25. Rxh1 Re5 26. b4 axb4 27. a5 c4
28. Bxd4 Rxa5 29. Re1 c3 30. Kb1 Rd8 31. Bf3 Nc5 32. Be5 Ne4 0-1

[Event "11th Asrian Memorial 2018"]
[Site "Yerevan ARM"]
[Date "2018.06.21"]
[Round "1.9"]
[White "Martirosyan, Haik M."]
[Black "Martirosyan, Garik"]
[Result "1-0"]
[WhiteTitle "GM"]
[WhiteElo "2572"]
[BlackElo "2128"]
[WhiteFideId "13306553"]
[BlackFideId "13306286"]
[EventDate "2018.06.21"]

1. d4 Nf6 2. c4 e6 3. Nf3 b6 4. g3 Ba6 5. Qc2 Bb4+ 6. Bd2 Be7 7. Bg2 c6 8. O-O
d5 9. b3 O-O 10. Rd1 Nbd7 11. a4 Ne4 12. Be1 Rc8 13. a5 Nb8 14. axb6 axb6 15.
Ne5 Nd6 16. Bb4 Qc7 17. Nd2 Nf5 18. Bxe7 Qxe7 19. Qb2 Rfd8 20. e4 dxe4 21. Nxe4
Rc7 22. c5 f6 23. cxb6 Rb7 24. Nc4 Bxc4 25. bxc4 Rbd7 26. c5 Nxd4 27. Re1 Nf5
28. Ra8 h5 29. h4 Qf7 30. Qa2 Kh7 31. Bh3 Nd4 32. Kg2 Rd5 33. Nd6 Qg6 34. Qc4 f5
35. Ra7 Rf8 36. f4 Qf6 37. Re3 Kg8 38. Kh2 e5 39. fxe5 Qh6 40. Rd3 f4 41. Bg2
fxg3+ 42. Rxg3 Qf4 43. Bxd5+ cxd5 44. Qxd5+ Kh8 45. Nf7+ Kg8 46. Ng5+ Kh8 47.
Rf7 Qxh4+ 48. Rh3 1-0

[Event "11th Asrian Memorial 2018"]
[Site "Yerevan ARM"]
[Date "2018.06.21"]
[Round "1.11"]
[White "Zhigalko, Andrey"]
[Black "Avetisyan, Mariam"]
[Result "1-0"]
[WhiteTitle "GM"]
[WhiteElo "2562"]
[BlackElo "2092"]
[WhiteFideId "13502247"]
[BlackFideId "13307622"]
[EventDate "2018.06.21"]

1. e4 e6 2. d4 d5 3. Nc3 Bb4 4. e5 c5 5. a3 Bxc3+ 6. bxc3 Ne7 7. h4 Qc7 8. h5 h6
9. Nf3 b6 10. a4 O-O 11. Bb5 Ba6 12. O-O Bxb5 13. axb5 Rc8 14. Re1 Nd7 15. Qe2
Qb7 16. Ra2 Nb8 17. Nh4 a6 18. Qg4 Kh7 19. Re3 axb5 20. Rf3 Rf8 21. Rxa8 Qxa8
22. Ng6 fxg6 23. Rxf8 Qa1 24. Qxe6 Qxc1+ 25. Kh2 gxh5 26. Qxe7 cxd4 27. Qf7 Qg5
28. Qg8+ Kg6 29. Rf6+ 1-0

[Event "11th Asrian Memorial 2018"]
[Site "Yerevan ARM"]
[Date "2018.06.21"]
[Round "1.12"]
[White "Melkonyan, Arshak"]
[Black "Petrosyan, Manuel"]
[Result "0-1"]
[BlackTitle "GM"]
[WhiteElo "2078"]
[BlackElo "2551"]
[WhiteFideId "13311662"]
[BlackFideId "13300857"]
[EventDate "2018.06.21"]

1. d4 Nf6 2. Nf3 d5 3. c4 e6 4. e3 b6 5. Bd3 Bb7 6. O-O dxc4 7. Bxc4 Nbd7 8.
Nbd2 c5 9. b3 a6 10. a4 cxd4 11. Nxd4 Bb4 12. Bb2 O-O 13. Nc2 Bd6 14. Nf3 Qe7
15. Qe2 Ng4 16. Bd3 Bxf3 17. Qxf3 Bxh2+ 18. Kh1 Be5 19. Qxg4 Bxb2 20. Rab1 Bc3
21. Qh3 g6 22. b4 a5 23. bxa5 bxa5 24. Be4 Rac8 25. Bb7 Rc4 26. e4 Bg7 27. Ne3
Rxa4 28. Bc6 Rb4 29. Nc2 Rc4 30. Bxd7 Qxd7 31. Ne3 Rxe4 32. Qf3 Rb4 33. Rbd1 Rd4
34. Rc1 a4 35. Ng4 Qe7 0-1

[Event "11th Asrian Memorial 2018"]
[Site "Yerevan ARM"]
[Date "2018.06.21"]
[Round "1.13"]
[White "Ter-Sahakyan, Samvel"]
[Black "Sayadyan, Edvard"]
[Result "1-0"]
[WhiteTitle "GM"]
[WhiteElo "2546"]
[BlackElo "2077"]
[WhiteFideId "13302531"]
[BlackFideId "13304909"]
[EventDate "2018.06.21"]

1. e4 c5 2. Nf3 d6 3. Bb5+ Bd7 4. c4 Nf6 5. Nc3 g6 6. O-O Bg7 7. Bxd7+ Qxd7 8.
d3 O-O 9. Ng5 Nc6 10. f4 a6 11. a4 Nd4 12. a5 Rab8 13. Nf3 b5 14. axb6 Nxf3+ 15.
Qxf3 Rxb6 16. f5 e6 17. g4 exf5 18. gxf5 Qb7 19. Kh1 Rb3 20. Bf4 Rxb2 21. Bxd6
Rd8 22. Bg3 gxf5 23. Nd5 Nxd5 24. exd5 Re8 25. Qxf5 Rbe2 26. Rab1 Qa7 27. Rf3 a5
28. Rg1 Qe7 29. Bd6 1-0

[Event "11th Asrian Memorial 2018"]
[Site "Yerevan ARM"]
[Date "2018.06.21"]
[Round "1.14"]
[White "Grigoryan, Arpine"]
[Black "Hakobyan, Aram"]
[Result "0-1"]
[BlackTitle "GM"]
[WhiteElo "2049"]
[BlackElo "2542"]
[WhiteFideId "13307231"]
[BlackFideId "13306677"]
[EventDate "2018.06.21"]

1. e4 c5 2. Nf3 Nc6 3. Bb5 g6 4. Bxc6 dxc6 5. h3 Bg7 6. d3 e5 7. Be3 b6 8. Nc3
Ne7 9. Qd2 h6 10. g4 Be6 11. O-O-O Qd7 12. Rhg1 O-O-O 13. b3 f6 14. Na4 Qc7 15.
Qc3 Rd4 16. Qb2 Rd6 17. Nd2 Rdd8 18. Qa3 Bf7 19. Nc4 Bf8 20. Nxc5 bxc5 21. Bxc5
Kb8 22. Qb4+ Kc8 23. Nd6+ Rxd6 24. Bxd6 Nd5 25. exd5 Bxd6 26. Qa4 cxd5 27. c4
Kb7 28. Kb1 Be8 0-1

[Event "11th Asrian Memorial 2018"]
[Site "Yerevan ARM"]
[Date "2018.06.21"]
[Round "1.15"]
[White "Gabuzyan, Hovhannes"]
[Black "Yeremyan, Alen"]
[Result "1-0"]
[WhiteTitle "GM"]
[WhiteElo "2539"]
[BlackElo "2033"]
[WhiteFideId "13303732"]
[BlackFideId "13308998"]
[EventDate "2018.06.21"]

1. Nf3 Nf6 2. g3 g6 3. Bg2 Bg7 4. c4 O-O 5. Nc3 d6 6. O-O c5 7. e3 Nc6 8. d4 Bg4
9. h3 Bxf3 10. Bxf3 cxd4 11. exd4 e5 12. dxe5 Nxe5 13. Bxb7 Rb8 14. Bg2 Nxc4 15.
b3 Qa5 16. Na4 Nb6 17. Bd2 Qa6 18. Nc3 Nfd7 19. Rc1 Nc5 20. Re1 Rfe8 21. Bf1 Qb7
22. Nb5 Rxe1 23. Bxe1 Ne6 24. Nxd6 Qe7 25. Nc4 Nd4 26. Nxb6 axb6 27. Rc3 Nf5 28.
Rd3 Re8 29. Bd2 h5 30. Bf4 Qc5 31. Rd8 Rf8 32. Qd5 Rxd8 33. Qxd8+ Bf8 34. a4 Kg7
35. Bc4 Bd6 36. Bg5 Qe5 37. Qd7 Ne7 38. Be3 Qf6 39. h4 Bc5 40. Bxc5 bxc5 41. a5
Nc6 42. a6 Ne5 43. Qb7 Ng4 44. Qxf7+ 1-0

[Event "11th Asrian Memorial 2018"]
[Site "Yerevan ARM"]
[Date "2018.06.21"]
[Round "1.17"]
[White "Mikaelyan, Arman"]
[Black "Tadevosyan, Gevorg"]
[Result "1-0"]
[WhiteTitle "GM"]
[WhiteElo "2500"]
[BlackElo "1959"]
[WhiteFideId "13304852"]
[BlackFideId "13314696"]
[EventDate "2018.06.21"]

1. Nf3 Nf6 2. g3 d5 3. Bg2 c6 4. c4 g6 5. b3 Bg7 6. Bb2 O-O 7. O-O Bf5 8. d3 Re8
9. Nbd2 Na6 10. a3 Nc7 11. Re1 dxc4 12. Nxc4 Be6 13. Qc2 h6 14. b4 Nh5 15. Bxg7
Nxg7 16. Na5 Rb8 17. d4 Bg4 18. Rad1 Bxf3 19. Bxf3 e6 20. h4 Qf6 21. Kg2 Nb5 22.
Qb2 Red8 23. e3 Nf5 24. a4 Nc7 25. Nb3 h5 26. Nc5 Qg7 27. Nd3 Rbc8 28. b5 cxb5
29. axb5 Rb8 30. Rc1 Ne8 31. Qa2 Ned6 32. Qxa7 Nxb5 33. Qb6 Nbd6 34. Ne5 Rbc8
35. Rxc8 Rxc8 36. e4 f6 37. exf5 Nxf5 38. Qxe6+ Kh7 39. Qxc8 1-0

[Event "11th Asrian Memorial 2018"]
[Site "Yerevan ARM"]
[Date "2018.06.21"]
[Round "1.19"]
[White "Sargsyan, Shant"]
[Black "Khachatryan, Anna"]
[Result "1-0"]
[WhiteTitle "IM"]
[WhiteElo "2499"]
[BlackElo "1955"]
[WhiteFideId "13306766"]
[BlackFideId "13310780"]
[EventDate "2018.06.21"]

1. Nf3 Nf6 2. b3 g6 3. Bb2 Bg7 4. e3 O-O 5. d4 d6 6. Be2 Nbd7 7. O-O e5 8. dxe5
Ng4 9. c4 Ndxe5 10. Nxe5 Nxe5 11. Nc3 Be6 12. Qd2 a5 13. Rfd1 Qh4 14. Nb5 Rac8
15. Bd4 b6 16. Qb2 Qh6 17. Rac1 Ng4 18. h3 Ne5 19. f4 Nd7 20. Bf3 Nc5 21. Qf2
Bd7 22. Nc3 f5 23. Nd5 Rf7 24. Kh2 Be6 25. Bxc5 dxc5 26. Rd3 Bh8 27. Rcd1 Qf8
28. Qh4 Bf6 29. Nxf6+ Rxf6 30. Qe1 Qe7 31. e4 fxe4 32. Qxe4 Qf8 33. Qe5 Bf5 34.
Re3 Be6 35. Bb7 Re8 36. Bd5 Qf7 37. Rde1 1-0

[Event "11th Asrian Memorial 2018"]
[Site "Yerevan ARM"]
[Date "2018.06.21"]
[Round "1.21"]
[White "Abdumalik, Zhansaya"]
[Black "Piliposyan, Robert"]
[Result "1/2-1/2"]
[WhiteTitle "IM"]
[WhiteElo "2488"]
[BlackElo "1898"]
[WhiteFideId "13703544"]
[BlackFideId "13309978"]
[EventDate "2018.06.21"]

1. e4 c6 2. d4 d5 3. Nc3 dxe4 4. Nxe4 Nf6 5. Ng3 e5 6. dxe5 Qxd1+ 7. Kxd1 Ng4 8.
Nh3 Nxe5 9. f4 Ng4 10. Bd3 Bc5 11. Re1+ Kf8 12. f5 Nd7 13. Bf4 f6 14. Ne4 Be7
15. Nd6 Nge5 16. Nxc8 Rxc8 17. Be4 Nf7 18. Re2 Bd6 19. Ke1 Rd8 20. g3 g5 21.
Bxd6+ Nxd6 22. Bd3 Ne5 23. Rd1 Kg7 24. Nf2 Nxd3+ 25. Rxd3 Nxf5 26. g4 Nd6 27.
Re7+ Kg6 28. Kf1 a6 29. b3 Rhf8 30. c4 Rf7 31. Re6 Rfd7 32. Rf3 Ne8 33. Ne4 Kg7
34. Kg2 h6 35. Nxf6 Nxf6 36. Rexf6 Re8 37. Rf2 Re2 38. Rf7+ Rxf7 39. Rxe2 Rd7
40. h4 Kf7 41. h5 Rd4 42. Kf3 Rf4+ 43. Kg3 Rd4 44. Rf2+ Ke7 45. Re2+ Kf7 46. Rc2
Rd3+ 47. Kg2 Kf6 48. Re2 Kf7 49. Rf2+ Ke7 50. Re2+ 1/2-1/2

[Event "11th Asrian Memorial 2018"]
[Site "Yerevan ARM"]
[Date "2018.06.21"]
[Round "1.22"]
[White "Chaqryan, Erik"]
[Black "Pogonina, Natalija"]
[Result "0-1"]
[BlackTitle "WGM"]
[WhiteElo "1887"]
[BlackElo "2469"]
[WhiteFideId "13312340"]
[BlackFideId "4147855"]
[EventDate "2018.06.21"]

1. d4 d5 2. c4 e6 3. Nc3 Nf6 4. cxd5 exd5 5. Bg5 c6 6. Qc2 Be7 7. e3 Nbd7 8. Bd3
Nh5 9. Bxe7 Qxe7 10. Nge2 g6 11. O-O-O Nb6 12. h3 Ng7 13. g4 Be6 14. Ng3 O-O-O
15. Kb1 h5 16. f3 Kb8 17. Rde1 Ka8 18. Nce2 Bc8 19. Nf4 h4 20. Nf1 g5 21. Ne2
Rhf8 22. Nc3 f5 23. gxf5 Nxf5 24. Qd2 Rde8 25. Bxf5 Bxf5+ 26. Ka1 Nc4 27. Qe2
Qb4 28. e4 dxe4 29. Ne3 exf3 30. Qxc4 Qxc4 31. Nxc4 Rxe1+ 32. Rxe1 f2 0-1

[Event "11th Asrian Memorial 2018"]
[Site "Yerevan ARM"]
[Date "2018.06.21"]
[Round "1.24"]
[White "Zhukenov, Aituar"]
[Black "Petrosyan, Tigran S."]
[Result "0-1"]
[BlackTitle "IM"]
[WhiteElo "1865"]
[BlackElo "2460"]
[WhiteFideId "13719513"]
[BlackFideId "13303678"]
[EventDate "2018.06.21"]

1. e4 Nf6 2. e5 Nd5 3. d4 d6 4. c4 Nb6 5. exd6 cxd6 6. Nc3 g6 7. Bd3 Bg7 8. Nge2
O-O 9. O-O e5 10. d5 N8d7 11. Be3 f5 12. f3 Nc5 13. Bxc5 dxc5 14. Qd2 a6 15. a3
Qd6 16. Rab1 Bd7 17. Rfc1 Rac8 18. Nd1 Rfe8 19. Nf2 Qf8 20. Qa5 Na8 21. Ng3 Bh6
22. Re1 Qd6 23. b4 b5 24. bxc5 Rxc5 25. Qb4 a5 26. Nfe4 fxe4 27. Nxe4 axb4 28.
Nxd6 bxa3 29. Nxe8 Bxe8 30. cxb5 Nb6 31. Ra1 Rc3 32. Be4 Be3+ 33. Kh1 Kf7 34.
Red1 Bd4 35. h3 Ke7 36. Ra2 Kd6 37. Rd3 Rxd3 38. Bxd3 Bb2 0-1

[Event "11th Asrian Memorial 2018"]
[Site "Yerevan ARM"]
[Date "2018.06.21"]
[Round "1.25"]
[White "Danielian, Elina"]
[Black "Ghazaryan, Raffi"]
[Result "1-0"]
[WhiteTitle "GM"]
[WhiteElo "2412"]
[BlackElo "1808"]
[WhiteFideId "13300210"]
[BlackFideId "13308505"]
[EventDate "2018.06.21"]

1. Nf3 d5 2. e3 Nf6 3. c4 c6 4. Nc3 g6 5. Be2 Bg7 6. O-O O-O 7. d4 dxc4 8. Bxc4
Bg4 9. h3 Bxf3 10. Qxf3 Nbd7 11. Rd1 e5 12. d5 cxd5 13. Bxd5 Nxd5 14. Qxd5 Nb6
15. Qxb7 Qh4 16. Bd2 f5 17. Be1 Qg5 18. Nd5 f4 19. Nxb6 axb6 20. Rd7 Qh6 21.
exf4 exf4 22. Qd5+ Kh8 23. Rxg7 Rad8 24. Rd7 1-0

[Event "11th Asrian Memorial 2018"]
[Site "Yerevan ARM"]
[Date "2018.06.21"]
[Round "1.26"]
[White "Arakelyan, Nare"]
[Black "Rahul, Srivatshav P"]
[Result "0-1"]
[BlackTitle "IM"]
[WhiteElo "1805"]
[BlackElo "2397"]
[WhiteFideId "13307657"]
[BlackFideId "25059653"]
[EventDate "2018.06.21"]

1. e4 c5 2. Nf3 e6 3. d4 cxd4 4. Nxd4 Nc6 5. Nc3 Qc7 6. f4 a6 7. Be3 b5 8. Bd3
Bb7 9. Nb3 d6 10. O-O Nf6 11. Qf3 d5 12. a3 b4 13. axb4 Nxb4 14. Na5 dxe4 15.
Bxe4 Bxe4 16. Nxe4 Rc8 17. Nb3 Nxe4 18. Qxe4 Qxc2 19. Qb7 Rd8 20. Bb6 Qc8 21.
Qe4 Rd5 22. f5 Qc6 23. Be3 Qc2 24. Qf3 Qxb3 25. fxe6 f6 26. Ra3 Qc4 27. Rc1 Qb5
28. Rc8+ Ke7 29. Rac3 Kxe6 30. Qe4+ Re5 31. Qg4+ Kf7 32. R3c7+ Be7 33. Rxh8 Rxe3
34. Rc1 Qe5 35. Qc4+ Qe6 36. Qh4 f5 37. Qh5+ Qg6 38. Qxh7 Qxh7 39. Rxh7 Nd3 40.
Ra1 Re2 41. g3 Bc5+ 42. Kh1 Nf2+ 43. Kg1 Nd1+ 44. Kf1 Rf2+ 45. Ke1 Bb4+ 0-1

[Event "11th Asrian Memorial 2018"]
[Site "Yerevan ARM"]
[Date "2018.06.21"]
[Round "1.30"]
[White "Pipia, Ekaterine"]
[Black "Danielyan, Vahe"]
[Result "0-1"]
[BlackTitle "FM"]
[WhiteElo "1772"]
[BlackElo "2387"]
[WhiteFideId "13614576"]
[BlackFideId "13304828"]
[EventDate "2018.06.21"]

1. Nf3 d5 2. e3 g6 3. c4 Nf6 4. b3 Bg7 5. Bb2 O-O 6. d4 Nbd7 7. Nc3 dxc4 8. bxc4
Re8 9. Be2 b6 10. O-O Bb7 11. Qc2 c5 12. d5 e6 13. e4 exd5 14. exd5 Ng4 15. Rfe1
Nge5 16. Nxe5 Nxe5 17. f4 Nd7 18. Bf3 Bd4+ 19. Kh1 Qf6 20. g3 b5 21. Ne4 Rxe4
22. Rxe4 Bxb2 23. Rb1 Bd4 24. Rxb5 Nb6 25. Rb1 Ba6 26. Be2 Qd6 27. Bd3 f5 28.
Re6 Qxe6 29. dxe6 Bb7+ 30. Qg2 Bxg2+ 31. Kxg2 Re8 32. Re1 Kg7 0-1

[Event "11th Asrian Memorial 2018"]
[Site "Yerevan ARM"]
[Date "2018.06.21"]
[Round "1.34"]
[White "Yedigaryan, Asya"]
[Black "Sargsyan, Anna M."]
[Result "0-1"]
[BlackTitle "WFM"]
[WhiteElo "1558"]
[BlackElo "2323"]
[WhiteFideId "13312170"]
[BlackFideId "13308130"]
[EventDate "2018.06.21"]

1. c4 c6 2. Nc3 d5 3. cxd5 cxd5 4. d4 e5 5. e3 exd4 6. exd4 Nc6 7. g3 Bb4 8. Bg2
Nge7 9. Ne2 O-O 10. O-O Bg4 11. h3 Bxe2 12. Nxe2 Ba5 13. Bd2 Bb6 14. Bc3 Qd6 15.
Nf4 Rad8 16. Qd3 Qf6 17. Rad1 Rd6 18. Nh5 Qh6 19. Nf4 g5 20. Ne2 f5 21. f4 g4
22. hxg4 fxg4 23. f5 Ne5 24. Qd2 Qxd2 25. Rxd2 N5c6 26. Rf4 h5 27. Rd1 Rdf6 28.
Rdf1 Kh7 29. Kh1 Nxf5 30. Kg1 Bc7 31. R4f2 Nce7 32. Bb4 Bd6 33. Bxd6 Rxd6 34.
Nc3 Kg6 35. Re1 Rff6 36. Ne2 Kf7 37. Rc1 Nc6 38. Rc5 Nfe7 39. Rxf6+ Kxf6 40. Nf4
Nxd4 41. Nxd5+ Nxd5 42. Rxd5 Rxd5 43. Bxd5 b6 44. Kf2 Kg5 45. b3 h4 46. gxh4+
Kxh4 47. Ke3 Nc2+ 48. Kd2 Nb4 49. Bb7 Nxa2 50. Kc2 g3 51. Bg2 Kg4 52. Kb2 Nb4
53. Kc3 Na6 54. Kc4 Nc7 55. Kd3 Kf4 56. Kd4 a5 57. Bh1 Ne6+ 58. Kc4 Nc5 59. b4
axb4 60. Kxb4 Ke3 0-1